000 00843nam a2200181 a 4500
008 130423s2009 ||||||||||||||||| || u
020 _a9780199604883
050 _aQ 172.5.C45 BAL
100 _aBall, Philip
245 1 0 _aNature's patterns : a tapestry in three parts: branches
_cby Philip Ball
260 _aOxford:
_bOxford University Press
_c2009
300 _a221p. : ill.
650 _aPATTERN FORMATION (BIOLOGY)
650 _aPATTERN FORMATION (PHYSICAL SCIENCES)
650 _aCHAOTIC BEHAVIOR IN SYSTEMS
995 _aMAIN LIBRARY OPEN ACCESS
_e743841
_FCBU-MAIN LIBRARY (Kitwe)
_jQ 172.5.C45 BAL
_M1
_UAVAILABLE
_WMay 23, 2013
_y743841
_ZMain Library Open Access Collection
995 _aMAIN LIBRARY OPEN ACCESS
_e743842
_FCBU-MAIN LIBRARY (Kitwe)
_jQ 172.5.C45 BAL
_M2
_UAVAILABLE
_WMay 23, 2013
_y743842
_ZMain Library Open Access Collection
999 _c78738
_d78738